[Event "New York Summer 1000 GM IM-C"]
[Site "New York"]
[Date "2023.07.09"]
[Round "6.3"]
[White "Kakousatze, Ilias"]
[Black "Xu, Grant"]
[Result "1-0"]
[WhiteElo "2169"]
[BlackElo "2297"]
[PlyCount "115"]
[EventDate "2023.07.06"]
[EventType "schev"]
[EventRounds "9"]
[EventCountry "USA"]
[SourceTitle "CBM 215 Extra"]
[Source "ChessBase"]
[SourceDate "2023.09.30"]
[SourceVersion "1"]
[SourceVersionDate "2023.09.30"]
[SourceQuality "1"]
[WhiteTeam "Team D"]
[BlackTeam "Team C"]
[WhiteTeamCountry "USA"]
[BlackTeamCountry "USA"]

1. e4 d6 2. d4 Nf6 3. Nc3 e5 4. Nf3 Nbd7 5. Bc4 Be7 6. a4 0-0 7. 0-0 c6 8. Ba2 b6 9. h3 a6 10. Be3 Bb7 11. Qd2 b5 12. Rfe1 b4 13. Ne2 Nxe4 14. Qxb4 Rb8 15. Qc4 d5 16. Qd3 Nec5 17. dxc5 e4 18. Qc3 exf3 19. gxf3 Bf6 20. Bd4 a5 21. Ng3 Bc8 22. Nf5 Bxd4 23. Qxd4 Nf6 24. Ne7+ Kh8 25. Nxc6 Qc7 26. Nxb8 Qxb8 27. Qe5 Bxh3 28. Bxd5 Nxd5 29. Qxd5 Qxb2 30. Qxf7 Qb8 31. Qh5 Bf5 32. Re7 h6 33. Rae1 Qf4 34. Re8 Rxe8 35. Qxe8+ Kh7 36. Qe5 Qxf3 37. Qg3 Qb7 38. Qc3 Qc6 39. Re7 Qg6+ 40. Kf1 Bc8 41. Qg3 Qf6 42. Qe5 Qg6 43. c6 h5 44. f4 Ba6+ 45. Ke1 Qg1+ 46. Kd2 Qg2+ 47. Kd1 Qg1+ 48. Qe1 Qg6 49. Qe4 h4 50. Qxg6+ Kxg6 51. c7 Bb7 52. Re8 Kf5 53. c8Q+ Bxc8 54. Rxc8 Kxf4 55. Rh8 g5 56. c4 Ke5 57. c5 Kd5 58. Rh5 1-0

[Event "New York Summer 1000 GM IM-C"]
[Site "New York"]
[Date "2023.07.09"]
[Round "7.2"]
[White "Miyasaka, Marcus M"]
[Black "Kakousatze, Ilias"]
[Result "1-0"]
[WhiteElo "2212"]
[BlackElo "2169"]
[PlyCount "64"]
[EventDate "2023.07.06"]
[EventType "schev"]
[EventRounds "9"]
[EventCountry "USA"]
[SourceTitle "CBM 215 Extra"]
[Source "ChessBase"]
[SourceDate "2023.09.30"]
[SourceVersion "1"]
[SourceVersionDate "2023.09.30"]
[SourceQuality "1"]
[WhiteTeam "Team C"]
[BlackTeam "Team D"]
[WhiteTeamCountry "USA"]
[BlackTeamCountry "USA"]

1. e4 c5 2. Nf3 Nc6 3. d4 cxd4 4. Nxd4 g6 5. c4 Nf6 6. Nc3 Nxd4 7. Qxd4 d6 8. Be2 Bg7 9. 0-0 0-0 10. Bg5 Be6 11. Qd2 Qa5 12. Rac1 Rfc8 13. b3 a6 14. f3 b5 15. Nd5 Qxd2 16. Bxd2 Bxd5 17. cxd5 Nd7 18. Rfd1 Bb2 19. Rxc8+ Rxc8 20. Kf1 Nc5 21. Rb1 Ba3 22. Kf2 Kg7 23. Ke3 f5 24. g3 e6 25. b4 Na4 26. dxe6 Kf6 27. exf5 gxf5 28. Bd3 h5 29. g4 hxg4 30. fxg4 fxg4 31. Kf4 Rh8 32. Bf5 Rh4 1-0

[Event "New York Summer 1000 GM IM-C"]
[Site "New York"]
[Date "2023.07.06"]
[Round "1.3"]
[White "Kretchetov, Alexandre"]
[Black "Kakousatze, Ilias"]
[Result "1-0"]
[WhiteElo "2216"]
[BlackElo "2169"]
[PlyCount "30"]
[EventDate "2023.07.06"]
[EventType "schev"]
[EventRounds "9"]
[EventCountry "USA"]
[SourceTitle "CBM 215 Extra"]
[Source "ChessBase"]
[SourceDate "2023.09.30"]
[SourceVersion "1"]
[SourceVersionDate "2023.09.30"]
[SourceQuality "1"]
[WhiteTeam "Team C"]
[BlackTeam "Team D"]
[WhiteTeamCountry "USA"]
[BlackTeamCountry "USA"]

1. d4 Nf6 2. c4 c5 3. d5 b5 4. Qc2 b4 5. e4 d6 6. Bd3 g6 7. b3 Bg7 8. Bb2 0-0 9. Nf3 a5 10. Nbd2 a4 11. Rb1 axb3 12. axb3 Ra2 13. h3 Nh5 14. g3 Qa5 15. Qc1 e5 1-0

[Event "Prague op-A 19th"]
[Site "Prague"]
[Date "2020.01.11"]
[Round "2"]
[White "Lalic, Bogdan"]
[Black "Kakousatze, Ilias"]
[Result "1-0"]
[WhiteElo "2402"]
[BlackElo "2149"]
[PlyCount "47"]
[EventDate "2020.01.10"]
[EventType "swiss"]
[EventRounds "9"]
[EventCountry "CZE"]
[SourceTitle "CBM 194 Extra"]
[Source "ChessBase"]
[SourceDate "2020.03.31"]
[SourceVersion "1"]
[SourceVersionDate "2020.03.31"]
[SourceQuality "1"]

1. d4 Nf6 2. c4 e6 3. Nf3 d5 4. Bg5 h6 5. Bxf6 Qxf6 6. Nbd2 Bb4 7. Rc1 Nc6 8. e3 0-0 9. a3 Bxd2+ 10. Qxd2 Rd8 11. Qc3 Re8 12. cxd5 exd5 13. Bb5 Re6 14. 0-0 Qd8 15. b4 Bd7 16. Bd3 Rc8 17. Nd2 Qg5 18. b5 Ne7 19. Qa5 Rxe3 20. fxe3 Qxe3+ 21. Rf2 Qxd3 22. Rxc7 b6 23. Qxa7 Qxd4 24. Rxc8+ 1-0

[Event "Kavala op 27th"]
[Site "Kavala"]
[Date "2018.08.08"]
[Round "5"]
[White "Kakousatze, Ilias"]
[Black "Bulmaga, Irina"]
[Result "1/2-1/2"]
[WhiteElo "2149"]
[BlackElo "2401"]
[PlyCount "64"]
[EventDate "2018.08.05"]
[EventType "swiss"]
[EventRounds "9"]
[EventCountry "GRE"]
[SourceTitle "CBM 186 Extra"]
[Source "ChessBase"]
[SourceDate "2018.08.24"]
[SourceVersion "1"]
[SourceVersionDate "2018.08.24"]
[SourceQuality "1"]

1. e4 c5 2. Nf3 d6 3. d4 cxd4 4. Nxd4 Nf6 5. Nc3 a6 6. Be3 e5 7. Nb3 Be6 8. f3 Be7 9. Qd2 0-0 10. g4 Nbd7 11. h4 b5 12. h5 b4 13. Nd5 Bxd5 14. exd5 Nb6 15. Bxb6 Qxb6 16. g5 Ne8 17. 0-0-0 a5 18. Kb1 a4 19. Nc1 f6 20. gxf6 Bxf6 21. Bd3 e4 22. Bxe4 Nc7 23. Rhg1 Nb5 24. Qh6 Nc3+ 25. bxc3 bxc3+ 26. Nb3 axb3 27. cxb3 Rxa2 28. Rxg7+ Bxg7 29. Qxh7+ Kf7 30. Qg6+ Kg8 31. Qh7+ Kf7 32. Qg6+ Kg8 1/2-1/2

[Event "NOR-chT 1718"]
[Site "Norway"]
[Date "2018.03.02"]
[Round "7.4"]
[White "Kakousatze, Ilias"]
[Black "Hauge, Lars Oskar"]
[Result "1/2-1/2"]
[WhiteElo "2133"]
[BlackElo "2439"]
[PlyCount "103"]
[EventDate "2017.11.03"]
[EventType "team-tourn"]
[EventRounds "9"]
[EventCountry "NOR"]
[SourceTitle "EXT 2019"]
[Source "ChessBase"]
[SourceDate "2018.10.10"]
[SourceVersion "1"]
[SourceVersionDate "2018.10.10"]
[SourceQuality "1"]
[WhiteTeam "Stavanger"]
[BlackTeam "OSS"]
[WhiteTeamCountry "NOR"]
[BlackTeamCountry "NOR"]

1. e4 c5 2. Nf3 d6 3. d4 cxd4 4. Nxd4 Nf6 5. Nc3 a6 6. h3 e6 7. g4 d5 8. exd5 Nxd5 9. Nde2 h5 10. Nxd5 exd5 11. g5 Bf5 12. Bg2 Nc6 13. 0-0 Be7 14. Ng3 Bg6 15. f4 h4 16. f5 hxg3 17. fxg6 fxg6 18. Bxd5 Qb6+ 19. Kg2 0-0-0 20. Bf4 Nd4 21. Qg4+ Nf5 22. Be4 Bd6 23. Bxf5+ gxf5 24. Qxf5+ Kb8 25. Rad1 Ka8 26. Rxd6 Rxd6 27. Bxd6 Qxd6 28. Qd3 Qe5 29. b3 Rc8 30. Rf5 Qb2 31. Qxg3 Rxc2+ 32. Rf2 Qxa2 33. Rxc2 Qxc2+ 34. Qf2 Qe4+ 35. Qf3 Qe5 36. Qf8+ Ka7 37. Qf2+ b6 38. Qf7+ Kb8 39. h4 a5 40. Kf3 b5 41. Qf4 Qxf4+ 42. Kxf4 a4 43. bxa4 bxa4 44. h5 a3 45. h6 gxh6 46. g6 a2 47. g7 a1Q 48. g8Q+ Kc7 49. Qh7+ Kd8 50. Qg8+ Ke7 51. Qh7+ Kd8 52. Qg8+ 1/2-1/2

[Event "NOR-chT 1718"]
[Site "Norway"]
[Date "2018.01.12"]
[Round "4.4"]
[White "Kakousatze, Ilias"]
[Black "Lahlum, Hans Olav"]
[Result "1-0"]
[WhiteElo "2133"]
[BlackElo "2113"]
[PlyCount "120"]
[EventDate "2017.11.03"]
[EventType "team-tourn"]
[EventRounds "9"]
[EventCountry "NOR"]
[SourceTitle "EXT 2019"]
[Source "ChessBase"]
[SourceDate "2018.10.10"]
[SourceVersion "1"]
[SourceVersionDate "2018.10.10"]
[SourceQuality "1"]
[WhiteTeam "Stavanger"]
[BlackTeam "Akademisk"]
[WhiteTeamCountry "NOR"]
[BlackTeamCountry "NOR"]

1. e4 e6 2. d4 d5 3. Nd2 c5 4. exd5 Qxd5 5. dxc5 Bxc5 6. Ngf3 Nf6 7. Bc4 Qc6 8. Qe2 Nbd7 9. 0-0 a6 10. a4 b6 11. b3 Bb7 12. Bb2 0-0 13. Bd3 Qd5 14. Rfe1 Qh5 15. Ne4 Nxe4 16. Bxe4 Bxe4 17. Qxe4 Nf6 18. Bxf6 gxf6 19. Rad1 Rad8 20. b4 Bd6 21. c3 a5 22. Rd4 axb4 23. Red1 Bc7 24. cxb4 Rxd4 25. Rxd4 Be5 26. g4 Qh3 27. Nxe5 fxe5 28. Rd3 Qh6 29. g5 Qg6 30. Qxg6+ hxg6 31. Rd6 Rb8 32. Kg2 Kf8 33. Kf3 Ke7 34. Rc6 Kd7 35. b5 Ra8 36. Rc4 Rh8 37. Rc6 Rh4 38. Rxb6 Rxa4 39. Rb7+ Ke8 40. b6 Rb4 41. Ke3 Kf8 42. Kd3 Kg7 43. Kc3 Rb1 44. Kc4 Rc1+ 45. Kb5 Rc2 46. Rc7 Rb2+ 47. Ka6 Ra2+ 48. Kb7 Rxf2 49. Kc8 Rxh2 50. b7 Rh8+ 51. Kd7 Rb8 52. Kc6 e4 53. Rd7 Re8 54. Kc7 e3 55. Rd3 Re7+ 56. Kc6 Re8 57. Rxe3 f5 58. Ra3 Rb8 59. Ra8 Rxb7 60. Kxb7 f4 1-0

[Event "NOR-chT 1718"]
[Site "Norway"]
[Date "2017.11.03"]
[Round "1.1"]
[White "Kakousatze, Ilias"]
[Black "Hammerstad, Asmund"]
[Result "1-0"]
[WhiteElo "2133"]
[BlackElo "2199"]
[PlyCount "73"]
[EventDate "2017.11.03"]
[EventType "team-tourn"]
[EventRounds "9"]
[EventCountry "NOR"]
[SourceTitle "CBM 181 Extra"]
[Source "ChessBase"]
[SourceDate "2017.12.12"]
[SourceVersion "1"]
[SourceVersionDate "2017.12.12"]
[SourceQuality "1"]
[WhiteTeam "Stavanger"]
[BlackTeam "Asker"]
[WhiteTeamCountry "NOR"]
[BlackTeamCountry "NOR"]

1. e4 e6 2. d4 d5 3. Nd2 a6 4. Bd3 c5 5. c3 cxd4 6. cxd4 dxe4 7. Nxe4 Bb4+ 8. Nc3 Nc6 9. Nf3 Nf6 10. 0-0 0-0 11. Bg5 Be7 12. Rc1 Nb4 13. Bb1 b5 14. a3 Nbd5 15. Qd3 g6 16. Bh6 Re8 17. Ne5 Bb7 18. Ne2 Bf8 19. Bg5 Rc8 20. Ng3 Be7 21. Qf3 Kg7 22. Nh5+ gxh5 23. Bh6+ Kxh6 24. Nxf7+ Kg7 25. Nxd8 Rcxd8 26. Rfe1 Bd6 27. Re5 Re7 28. Rce1 Bxe5 29. dxe5 Ng4 30. h3 Nh6 31. Qxh5 Nf7 32. Qxh7+ Kf8 33. Rd1 Ke8 34. Bg6 Kd7 35. Bxf7 Rf8 36. Bxe6+ Kxe6 37. Qg6+ 1-0

[Event "GRE-chT 41st"]
[Site "Achaia"]
[Date "2013.07.06"]
[Round "6.3"]
[White "Panagiotakos, Nikolaos"]
[Black "Kakousatze, Ilias"]
[Result "1-0"]
[WhiteElo "2191"]
[BlackElo "2035"]
[PlyCount "75"]
[EventDate "2013.07.02"]
[EventType "team-swiss"]
[EventRounds "7"]
[EventCountry "GRE"]
[SourceTitle "CBM 155 Extra"]
[Source "ChessBase"]
[SourceDate "2013.08.26"]
[SourceVersion "1"]
[SourceVersionDate "2013.08.26"]
[SourceQuality "1"]
[WhiteTeam "OFI"]
[BlackTeam "Polichnis"]
[WhiteTeamCountry "GRE"]
[BlackTeamCountry "GRE"]

1. e4 c6 2. d4 d5 3. Nc3 dxe4 4. Nxe4 Bf5 5. Ng3 Bg6 6. Nf3 Nd7 7. h4 h6 8. h5 Bh7 9. Bd3 Bxd3 10. Qxd3 e6 11. Bd2 Ngf6 12. 0-0-0 Be7 13. Kb1 0-0 14. Ne4 Nxe4 15. Qxe4 Nf6 16. Qe2 Qd5 17. Ne5 Qe4 18. Be3 Nd5 19. Qd3 Qxd3 20. Rxd3 Rad8 21. Rb3 Nxe3 22. fxe3 Bg5 23. Rxb7 Bxe3 24. Nxc6 Rd6 25. Ne7+ Kh7 26. c3 a5 27. Rc7 Bf4 28. Ra7 Bg5 29. Rf1 Bf6 30. Rc7 Rb8 31. Ng6 Rdb6 32. b3 a4 33. Rxf7 axb3 34. a3 Kg8 35. Ra7 b2 36. Ra4 Rb3 37. Rf3 Rc8 38. Rxf6 1-0

[Event "GRE-chT 41st"]
[Site "Achaia"]
[Date "2013.07.05"]
[Round "5.3"]
[White "Skoulakis, Charalambos"]
[Black "Kakousatze, Ilias"]
[Result "0-1"]
[WhiteElo "2023"]
[BlackElo "2035"]
[PlyCount "60"]
[EventDate "2013.07.02"]
[EventType "team-swiss"]
[EventRounds "7"]
[EventCountry "GRE"]
[SourceTitle "CBM 155 Extra"]
[Source "ChessBase"]
[SourceDate "2013.08.26"]
[SourceVersion "1"]
[SourceVersionDate "2013.08.26"]
[SourceQuality "1"]
[WhiteTeam "Kavalas OFS"]
[BlackTeam "Polichnis"]
[WhiteTeamCountry "GRE"]
[BlackTeamCountry "GRE"]

1. e4 c5 2. Nf3 Nc6 3. Bb5 d6 4. Bxc6+ bxc6 5. h3 e5 6. 0-0 g5 7. b4 g4 8. hxg4 Bxg4 9. bxc5 dxc5 10. Bb2 Bd6 11. Na3 Ne7 12. Nc4 Ng6 13. Qe2 Nf4 14. Qe3 Rg8 15. g3 f6 16. Ba3 Bf8 17. Nh4 Be6 18. Nb2 f5 19. Nxf5 Bxf5 20. exf5 Qd5 21. f3 Rxg3+ 22. Kf2 Rg2+ 23. Ke1 Bh6 24. c4 Qd7 25. Qc3 0-0-0 26. Rf2 Rg1+ 27. Rf1 Rxf1+ 28. Kxf1 Qxf5 29. Nd1 Qh3+ 30. Ke1 Qh1+ 0-1

[Event "GRE-chT 41st"]
[Site "Achaia"]
[Date "2013.07.04"]
[Round "4.3"]
[White "Kakousatze, Ilias"]
[Black "Kivelos, Sotirios"]
[Result "1-0"]
[WhiteElo "2035"]
[BlackElo "1906"]
[PlyCount "67"]
[EventDate "2013.07.02"]
[EventType "team-swiss"]
[EventRounds "7"]
[EventCountry "GRE"]
[SourceTitle "CBM 155 Extra"]
[Source "ChessBase"]
[SourceDate "2013.08.26"]
[SourceVersion "1"]
[SourceVersionDate "2013.08.26"]
[SourceQuality "1"]
[WhiteTeam "Polichnis"]
[BlackTeam "Triandrias Chess Intervention"]
[WhiteTeamCountry "GRE"]
[BlackTeamCountry "GRE"]

1. e4 g6 2. d4 Bg7 3. Nc3 c6 4. Nf3 d5 5. h3 Nh6 6. Bd3 f6 7. Qe2 Nf7 8. 0-0 0-0 9. Rd1 e6 10. b3 Nd7 11. Na4 b5 12. Nb2 f5 13. exd5 exd5 14. c4 a6 15. a4 bxc4 16. bxc4 a5 17. cxd5 cxd5 18. Bb5 Nf6 19. Nd3 Ne4 20. Bb2 g5 21. Nfe5 Nxe5 22. Nxe5 g4 23. Rd3 h5 24. Ba3 Rf6 25. Nc6 Rxc6 26. Bxc6 Ba6 27. Bxa8 Bxd4 28. Bxd5+ Qxd5 29. Rxd4 Qxd4 30. Rd1 Qf6 31. Qa2+ Kh7 32. Rd7+ Kh6 33. Bc1+ f4 34. Qg8 1-0

[Event "GRE-chT 40th"]
[Site "Achaia"]
[Date "2012.07.02"]
[Round "4.12"]
[White "Skalkotas, Nikolaos"]
[Black "Kakousatze, Ilias"]
[Result "1-0"]
[WhiteElo "2194"]
[BlackElo "2049"]
[PlyCount "63"]
[EventDate "2012.06.30"]
[EventType "team-swiss"]
[EventRounds "7"]
[EventCountry "GRE"]
[SourceTitle "CBM 149 Extra"]
[Source "ChessBase"]
[SourceDate "2012.08.24"]
[SourceVersion "1"]
[SourceVersionDate "2012.08.24"]
[SourceQuality "1"]
[WhiteTeam "Pan GA"]
[BlackTeam "Polichnis"]
[WhiteTeamCountry "GRE"]
[BlackTeamCountry "GRE"]

1. Nf3 Nf6 2. c4 g6 3. g3 Bg7 4. Bg2 0-0 5. 0-0 d5 6. d4 Nc6 7. cxd5 Nxd5 8. e4 Nb6 9. d5 Na5 10. Qe1 Nac4 11. Nc3 e6 12. b3 exd5 13. bxc4 dxe4 14. Bg5 f6 15. Rd1 Qe8 16. Bf4 exf3 17. Bxf3 Qf7 18. c5 Re8 19. cxb6 c6 20. bxa7 Bh3 21. Be3 Bxf1 22. Qxf1 Bf8 23. Bb6 Be7 24. Qd3 Qf8 25. a4 Bd8 26. a5 Bxb6 27. Qc4+ Kg7 28. axb6 Re7 29. Kg2 Rd8 30. Qc5 Qe8 31. Rxd8 Qxd8 32. a8Q 1-0

[Event "GRE-chT 39th"]
[Site "Eretria"]
[Date "2011.07.05"]
[Round "4.7"]
[White "Xylogiannopoulos, Antonios"]
[Black "Kakousatze, Ilias"]
[Result "1-0"]
[WhiteElo "2104"]
[BlackElo "2060"]
[PlyCount "59"]
[EventDate "2011.07.03"]
[EventType "team-swiss"]
[EventRounds "7"]
[EventCountry "GRE"]
[SourceTitle "CBM 143 Extra"]
[Source "ChessBase"]
[SourceDate "2011.08.29"]
[SourceVersion "1"]
[SourceVersionDate "2011.08.29"]
[SourceQuality "1"]
[WhiteTeam "Panionios"]
[BlackTeam "Polichnis"]
[WhiteTeamCountry "GRE"]
[BlackTeamCountry "GRE"]

1. e4 d5 2. exd5 Nf6 3. d4 Bg4 4. Be2 Bxe2 5. Qxe2 Qxd5 6. Nf3 Nc6 7. 0-0 0-0-0 8. c3 e5 9. Nxe5 Nxe5 10. dxe5 Ne4 11. Re1 Qxe5 12. Nd2 f5 13. Nxe4 Qxe4 14. Qxe4 fxe4 15. Bf4 Bd6 16. Bg5 Rde8 17. Re2 Re5 18. Bf4 Re6 19. Be3 Rhe8 20. Rae1 Kd7 21. Bd4 g6 22. g3 a6 23. c4 Kc6 24. f3 Bc5 25. Bxc5 Kxc5 26. fxe4 Kxc4 27. Rc2+ Kd3 28. Rxc7 R8e7 29. Rd1+ Kxe4 30. Re1+ 1-0

[Event "Thessaloniki Triandria op 4th"]
[Site "Thessaloniki"]
[Date "2011.05.01"]
[Round "9"]
[White "Stefanopoulos, Orestis"]
[Black "Kakousatze, Ilias"]
[Result "0-1"]
[WhiteElo "2214"]
[BlackElo "2023"]
[PlyCount "176"]
[EventDate "2011.04.25"]
[EventType "swiss"]
[EventRounds "9"]
[EventCountry "GRE"]
[SourceTitle "CBM 142 Extra"]
[Source "ChessBase"]
[SourceDate "2011.06.27"]
[SourceVersion "1"]
[SourceVersionDate "2011.06.27"]
[SourceQuality "1"]

1. d4 d6 2. e4 Nf6 3. Nc3 g6 4. Bg5 Bg7 5. Qd2 0-0 6. Bh6 Bxh6 7. Qxh6 c5 8. d5 a6 9. f3 b5 10. 0-0-0 b4 11. Nce2 a5 12. h4 a4 13. h5 Nbd7 14. g4 Re8 15. hxg6 fxg6 16. g5 Nh5 17. Nf4 Nf8 18. Rxh5 e5 19. Nxg6 hxg6 20. Rh2 a3 21. b3 Ra7 22. Qh8+ Kf7 23. Rg2 Ree7 24. Qf6+ Ke8 25. Rh2 Rh7 26. Bb5+ Bd7 27. Qxd8+ Kxd8 28. Rxh7 Nxh7 29. Bxd7 Rxd7 30. Nh3 Nf8 31. Rg1 Rh7 32. Rg3 Rh5 33. c3 Kc7 34. cxb4 cxb4 35. Kd2 Kb6 36. Ke3 Nh7 37. f4 Kc5 38. fxe5 dxe5 39. Nf2 Rh2 40. Rh3 Rxh3+ 41. Nxh3 Nf8 42. Nf2 Nd7 43. Ng4 Kd6 44. Nf6 Nc5 45. Kd2 Nxb3+ 46. Kc2 Nd4+ 47. Kb1 Nf3 48. Kc2 Nd2 49. Ne8+ Kc5 50. Nf6 Nc4 51. Kb3 Kb5 52. Nd7 Nd2+ 53. Kc2 Nxe4 54. Nxe5 Nxg5 55. Nxg6 Ne4 56. Kb3 Nc5+ 57. Kc2 b3+ 58. axb3 Nd3 59. d6 a2 60. d7 a1Q 61. d8Q Qc1+ 62. Kxd3 Qd1+ 63. Ke3 Qxd8 64. Nf4 Kb4 65. Nd3+ Kxb3 66. Ke4 Kc3 67. Ne5 Qe7 68. Kd5 Qh4 69. Ke6 Qe4 70. Kd6 Kb4 71. Nc6+ Kb5 72. Ne5 Qg2 73. Ke6 Kc5 74. Nd7+ Kd4 75. Nf6 Qg6 76. Ke7 Ke5 77. Nd7+ Kf5 78. Kd8 Qc6 79. Ke7 Qc7 80. Ke8 Qd6 81. Nf8 Kf6 82. Nd7+ Kg6 83. Nf8+ Kg7 84. Nd7 Kg8 85. Kd8 Kf7 86. Kc8 Ke7 87. Nb8 Qb6 88. Nd7 Qc6+ 0-1

[Event "Thessaloniki Triandria op 4th"]
[Site "Thessaloniki"]
[Date "2011.04.29"]
[Round "6"]
[White "Malikentzos, Sotirios"]
[Black "Kakousatze, Ilias"]
[Result "0-1"]
[WhiteElo "2343"]
[BlackElo "2023"]
[PlyCount "68"]
[EventDate "2011.04.25"]
[EventType "swiss"]
[EventRounds "9"]
[EventCountry "GRE"]
[SourceTitle "CBM 142 Extra"]
[Source "ChessBase"]
[SourceDate "2011.06.27"]
[SourceVersion "1"]
[SourceVersionDate "2011.06.27"]
[SourceQuality "1"]

1. d4 Nf6 2. c4 e6 3. g3 Bb4+ 4. Bd2 c5 5. Bxb4 cxb4 6. Bg2 0-0 7. Nf3 d6 8. 0-0 Nfd7 9. a3 bxa3 10. Nxa3 e5 11. Nb5 Qb6 12. dxe5 dxe5 13. Nd6 Qc7 14. Ng5 Nf6 15. c5 h6 16. Nf3 e4 17. Ne5 Qxc5 18. Ng6 fxg6 19. Rc1 Qb4 20. Rxc8 Rxc8 21. Nxc8 Nc6 22. Bh3 Nd4 23. e3 Nf3+ 24. Kg2 Ng5 25. Qd8+ Kh7 26. Rc1 Nxh3 27. Kxh3 Qb5 28. Kg2 Qf5 29. h3 Nd5 30. Qd6 Qf3+ 31. Kg1 Nxe3 32. fxe3 Qxe3+ 33. Kg2 Qxc1 34. Ne7 Qxb2+ 0-1

[Event "Thessaloniki Triandria op 4th"]
[Site "Thessaloniki"]
[Date "2011.04.26"]
[Round "3"]
[White "Kakousatze, Ilias"]
[Black "Bagaturov, Giorgi"]
[Result "0-1"]
[WhiteElo "2023"]
[BlackElo "2450"]
[PlyCount "46"]
[EventDate "2011.04.25"]
[EventType "swiss"]
[EventRounds "9"]
[EventCountry "GRE"]
[SourceTitle "CBM 142 Extra"]
[Source "ChessBase"]
[SourceDate "2011.06.27"]
[SourceVersion "1"]
[SourceVersionDate "2011.06.27"]
[SourceQuality "1"]

1. e4 c5 2. c3 Nf6 3. e5 Nd5 4. d4 cxd4 5. cxd4 d6 6. Nf3 Nc6 7. Bc4 e6 8. 0-0 Be7 9. Qe2 0-0 10. Nc3 dxe5 11. dxe5 Nxc3 12. bxc3 b6 13. Qe4 Qc7 14. Bd3 g6 15. Re1 Bb7 16. Bg5 Rfd8 17. Rad1 Nd4 18. Qh4 Nxf3+ 19. gxf3 Bxg5 20. Qxg5 Bxf3 21. Rd2 Qxc3 22. Bxg6 Qxd2 23. Bxf7+ Kf8 0-1

[Event "Lefkos Pyrgos op"]
[Site "Lefkos Pyrgos"]
[Date "2010.01.09"]
[Round "8"]
[White "Kakousatze, Ilias"]
[Black "Iskos, Alexandros"]
[Result "0-1"]
[WhiteElo "2017"]
[BlackElo "2087"]
[PlyCount "48"]
[EventDate "2010.01.03"]
[EventType "swiss"]
[EventRounds "9"]
[EventCountry "GRE"]
[SourceTitle "CBM 134 Extra"]
[Source "ChessBase"]
[SourceDate "2010.03.03"]
[SourceVersion "1"]
[SourceVersionDate "2010.03.03"]
[SourceQuality "1"]

1. e4 c6 2. d4 d5 3. e5 c5 4. Nf3 Nc6 5. Be2 cxd4 6. Nbd2 Bg4 7. 0-0 e6 8. Ne1 h5 9. Bxg4 hxg4 10. Qxg4 Nxe5 11. Qxd4 Nc6 12. Qa4 Bd6 13. Nef3 Nf6 14. Re1 Kf8 15. h3 Rc8 16. c3 Nh5 17. Nb3 Qf6 18. Nbd4 Nf4 19. Bxf4 Qxf4 20. Rxe6 Nxd4 21. Qd7 Nxf3+ 22. Kf1 Qc4+ 23. Re2 Nd2+ 24. Kg1 Ne4 0-1

[Event "Lefkos Pyrgos op"]
[Site "Lefkos Pyrgos"]
[Date "2010.01.04"]
[Round "3"]
[White "Kakousatze, Ilias"]
[Black "Zakarian, David"]
[Result "0-1"]
[WhiteElo "2017"]
[BlackElo "2344"]
[PlyCount "92"]
[EventDate "2010.01.03"]
[EventType "swiss"]
[EventRounds "9"]
[EventCountry "GRE"]
[SourceTitle "CBM 134 Extra"]
[Source "ChessBase"]
[SourceDate "2010.03.03"]
[SourceVersion "1"]
[SourceVersionDate "2010.03.03"]
[SourceQuality "1"]

1. e4 c5 2. b3 Nc6 3. Bb2 Nf6 4. e5 Nd5 5. Bb5 Nd4 6. Bc4 Nb6 7. Bxd4 cxd4 8. Qg4 Nxc4 9. bxc4 g6 10. Qxd4 Bg7 11. f4 d6 12. Nf3 Bg4 13. Qe3 Bxf3 14. gxf3 dxe5 15. fxe5 Qc7 16. d4 Qxc4 17. c3 Rc8 18. Kf2 0-0 19. Rc1 Qe6 20. Nd2 Qh3 21. Nf1 Qh4+ 22. Kg2 Bh6 23. Qe1 Qxe1 24. Rxe1 Rxc3 25. Ng3 Rd8 26. Rad1 Bf4 27. Re2 Rc4 28. d5 Rc5 29. d6 exd6 30. exd6 Rxd6 31. Rb1 Bxg3 32. Kxg3 b5 33. Reb2 a6 34. a4 bxa4 35. Ra1 Rd4 36. h4 h5 37. Rb6 Rcc4 38. Rxa6 Rxh4 39. Ra3 Kg7 40. Kg2 Rhd4 41. Kg3 g5 42. Kh3 f6 43. Ra7+ Kg6 44. Re7 Rd2 45. Ra7 Rcc2 46. f4 g4+ 0-1